| 000 -ლიდერი |
| ფიქსირებული სიგრძის საკონტროლო ველი |
01547nam a2200265Ia 4500 |
| 001 - საკონტროლო ნომერი |
| საკონტროლო ველი |
17267 |
| 003 - საკონტროლო ნომრის იდენტიფიკატორი |
| საკონტროლო ველი |
GE_BSU |
| 005 - ბოლო ოპერაციის თარიღი და დრო |
| საკონტროლო ველი |
20200210114707.0 |
| 008 - ფიქსირებული სიგრძის მონაცემთა ელემენტები - ზოგადი ინფორმაცია |
| ფიქსირებული სიგრძის საკონტროლო ველი |
181216s2013ge xx |||||||||||||| ||geo|| |
| 020 ## - წიგნის საერთაშორისო სტანდარტული ნომერი |
| International Standard Book Number |
9789941059483 |
| 040 ## - კატალოგიზაციის წყარო |
| Transcribing agency |
GE_BSU |
| 041 ## - ენის კოდი |
| Language code of text/sound track or separate title |
geo |
| 080 ## - უნივერსალური ათობითი კლასიფიკაციის ინდექსი |
| Universal Decimal Classification number |
1+34 გ-82 |
| 100 ## - მთავარი ჩანაწერი - პიროვნების სახელი |
| Personal name |
ფოთისა და ხობის მიტროპოლიტი გრიგოლი (ბერბიჭაშვილი) |
| 9 (RLIN) |
6928 |
| 245 ## - ცნობა სათაურის შესახებ |
| Title |
ადამიანის უფლებათა ფილოსოფიის რამდენიმე აქტუალური პრობლემის შესახებ = About some actual problems of the philosophy of human rights / |
| Statement of responsibility, etc |
გრიგოლი (ბერბიჭაშვილი) ; სამეცნ. რედ. თენგიზ ირემაძე. |
| 264 ## - წარმოების, გამოცემის, დისტრიბუციის და სხვა ცნობები |
| გამოცემის, წარმოების, დისტრიბუციის... ადგილი |
თბილისი : |
| გამოცემის, წარმოების, დისტრიბუციის... სახელწოდება |
ფავორიტი პრინტი, |
| გამოცემის, წარმოების, დისტრიბუციის... თარიღი |
2013. |
| 300 ## - ფიზიკური აღწერა |
| Extent |
32 გვ; |
| Dimensions |
14 სმ. |
| 504 ## - BIBLIOGRAPHY, ETC. NOTE |
| Bibliography, etc |
ბიბლიოგრ.: გვ. 27-28. |
| 520 ## - SUMMARY, ETC. |
| Summary, etc |
რეზ. რუს. |
| 546 ## - LANGUAGE NOTE |
| Language note |
თავფურ. ქართ. და ინგლ. |
| 653 ## - INDEX TERM--UNCONTROLLED |
| Uncontrolled term |
ადამიანის უფლებათა ფილოსოფიის რამდენიმე აქტუალური პრობლემის შესახებ |
| 653 ## - INDEX TERM--UNCONTROLLED |
| Uncontrolled term |
ფილოსოფია |
| 700 ## - ADDED ENTRY--PERSONAL NAME |
| Personal name |
ირემაძე, თენგიზ |
| Relator term |
სამეცნიერო რედაქტორი |
| 9 (RLIN) |
2229 |
| 942 ## - ADDED ENTRY ELEMENTS (KOHA) |
| Koha item type |
წიგნი |
| Source of classification or shelving scheme |
|